00663nam a22001697a 4500003000900000008004100009040007100050082001700121100003800138245002300176260004900199300002600248505015100274650001900425650002600444650002300470AR-CdUCM190306b ||||| |||| 00| 0 spa d aMUNICIPALIDAD PROVINCIAL DEL CUSCOcBIBLIOTECA MUNICIPAL DEL CUSCO a498 /bAL323 aAlatrista Camposano, Flor María aLengua quechua I / aCusco : bImprenta Edmundo Pantigoso,c2007. a138 paginas ;c20 cm. aLengua quechua -- El origen del quechua -- El quechua en la época de los inca -- El quechua en la república -- Características el quechua... aLengua quechua aEstudio y enseñanza aOrigen del quechua